Vilket nationaldjur hör till vilket land? Europa - Statistics

General Stats
  • This quiz has been taken 6 times
  • The average score is 8 of 40
Answer Stats
Picture Hint Answer % Correct
Älg Sverige
83%
Bruna`d'Andorra-kon Andorra
67%
Brunbjörn Finland
67%
Turkisk angora Turkiet
67%
Wisent Belarus
50%
Leo Belgicus Belgien
50%
Canis Lupus Italicus Italien
50%
Älg Norge
50%
Brunbjörn Ryssland
50%
Tjur Spanien
50%
Kungsörn Albanien
33%
Cypriotisk mufflon Cypern
33%
Galliska tuppen Frankrike
33%
Lejon Bulgarien
17%
Knölsvan Danmark
17%
Delfin Grekland
17%
Balkan lodjur Montenegro
17%
Iberisk varg Portugal
17%
Berberlejon Storbritannien
17%
Karabaghhäst Azerbajdzjan
0%
Varg Estland
0%
Bergshare Irland
0%
Jaktfalk Island
0%
Örn Kosovo
0%
Europeiska mårten Kroatien
0%
tvåfläckiga nyckelpigan Lettland
0%
Tornfalk Liechtenstein
0%
Vit stork Litauen
0%
Faraohund Malta
0%
Igelkott, hare och skogsmus Monaco
0%
Örn Österrike
0%
Kungsörn Rumänien
0%
Bardigiano San marino
0%
Ko Schweiz
0%
Gråvarg Serbien
0%
Rupicapra rupicapra tatrica Slovakien
0%
krainska honungsbiet Slovenien
0%
Vit svanshjort Tjeckien
0%
Turul Ungern
0%
Duva Vatikanstaten
0%
No matching quizzes found
Score Distribution
Percent of People with Each Score
Percentile by Number Answered
Your Score History
You have not taken this quiz